000
00297 a2200121 4500
090
_c
5833
_d
5833
100
_a
Prof. M A Azeem
245
_a
Modern In-Organic Chemistry
260
_a
Karachi
_b
Wefaqi Urdu University
_c
2006
300
_a
513 p.
500
_a
Papercover
942
_a
NBS
_c
BK
_k
540 AZE
999
_c
348231
_d
348231